000 01011nam a2200277Ia 4500
003 OSt
005 20210407103111.0
008 210310s2010 sp ado gr 000 0 spa d
020 _a9788490290040
040 _aCO-JMCR
_cCO-JMCR
041 0 _aspa
082 0 4 _a658.84 /
_bR462e
_223
100 1 _aReynolds, Jonathan,
_eautor
_925571
245 0 _aE-bussiness :
_buna perspectiva de gestión /
_cJonathan Reynolds
260 _aBarcelona :
_bOUC,
_c2010
300 _b678 páginas :
_ailustraciones, gráficas y fotografías en blanco y negro ;
_c24 cm.
490 0 _aEconomía y empresa
500 _aDatos biográficos del autor en solapa frontal.
504 _aBibliografía : páginas 657-659.
505 0 _aEl cambiante entorno del e-business. -- La aplicación de las tecnologías de e-businnes. -- La organización del e-businnes.
650 1 4 _aComercio.
_925573
650 2 4 _aComercio electrónico.
_91669
650 2 4 _aMercadeo.
_936674
650 2 4 _aNegocios
_936675
942 _2ddc
_cBK
999 _c11457
_d11457